| 000 | 00574nam a2200193 a 4500 | ||
|---|---|---|---|
| 001 | 2033 | ||
| 003 | CO-ViMGA | ||
| 008 | 141112s2004 ck r 000 u spa d | ||
| 040 |
_aCO-ViMGA _bspa _cCO-ViMGA |
||
| 082 | 0 | 4 | _a530 A581 |
| 100 | 1 |
_aAlvarenga Alvares, Beatriz _96188 |
|
| 245 | 1 | 0 |
_aFísica general : _bcon experimentos sencillos / _cAlvarenga Alvares Beatriz , Ribeiro de Luz Antonio Máximo |
| 250 | _a3a | ||
| 260 |
_aMexico : _bHarla, _c1983 |
||
| 300 | _a2 v | ||
| 650 | 1 | 4 |
_aFISICA _94980 |
| 650 | 1 | 4 |
_aRibeiro da Luz, Antonio Máximo _96189 |
| 942 |
_2ddc _cBK |
||
| 999 |
_c14183 _d14183 |
||